A closer look at Mannai (Record no. 65099)
[ view plain ]
| 000 -LEADER | |
|---|---|
| fixed length control field | 01425cam a2200289 4500 |
| 001 - CONTROL NUMBER | |
| control field | ABS63047 |
| 008 - FIXED-LENGTH DATA ELEMENTS--GENERAL INFORMATION | |
| fixed length control field | 000000n2000 000 0 eng u |
| 035 ## - SYSTEM CONTROL NUMBER | |
| System control number | (Sirsi) u109003 |
| 100 ## - MAIN ENTRY--PERSONAL NAME | |
| Personal name | Lovitt |
| -- | . |
| 245 #2 - TITLE STATEMENT | |
| Title | A closer look at Mannai |
| 260 ## - PUBLICATION, DISTRIBUTION, ETC. | |
| Date of publication, distribution, etc. | 2000 |
| 490 ## - SERIES STATEMENT | |
| Series statement | Estates Gazette |
| Volume/sequential designation | (0042) 21 October 2000, 170-171(2) |
| 520 ## - SUMMARY, ETC. | |
| Summary, etc. | The findings in the case of "Mannai" represented a turning point in judicial attitudes to erroneous notices. Since the decision it has become clear that the Mannai principle has a wider application than was first thought. It may apply to statutory as well as contractual notices. However, discusses several decisions subsequent to "Mannai", which have established limitations on the principle. For instance, "Mannai" will only assist the server of a notice if there is an obvious error on the face of the notice, and a reasonable recipient would not have been misled by it. Concludes that there can be no substitute for clear and concise drafting. |
| 590 ## - LOCAL NOTE (RLIN) | |
| Local note | ABS |
| 650 ## - SUBJECT ADDED ENTRY--TOPICAL TERM | |
| Topical term or geographic name entry element | MANNAI INVESTMENT CO LTD V EAGLE STAR LIFE ASSURANCE CO LTD UK |
| 650 ## - SUBJECT ADDED ENTRY--TOPICAL TERM | |
| Topical term or geographic name entry element | NOTICES |
| 650 ## - SUBJECT ADDED ENTRY--TOPICAL TERM | |
| Topical term or geographic name entry element | STATUTORY NOTICES |
| 650 ## - SUBJECT ADDED ENTRY--TOPICAL TERM | |
| Topical term or geographic name entry element | CONTRACTUAL NOTICE |
| 650 ## - SUBJECT ADDED ENTRY--TOPICAL TERM | |
| Topical term or geographic name entry element | BREAK CLAUSES |
| 650 ## - SUBJECT ADDED ENTRY--TOPICAL TERM | |
| Topical term or geographic name entry element | EXPIRY DATE |
| 650 ## - SUBJECT ADDED ENTRY--TOPICAL TERM | |
| Topical term or geographic name entry element | LIMITATIONS |
| 650 ## - SUBJECT ADDED ENTRY--TOPICAL TERM | |
| Topical term or geographic name entry element | DETERMINATION OF LEASE |
| 650 ## - SUBJECT ADDED ENTRY--TOPICAL TERM | |
| Topical term or geographic name entry element | BUSINESS TENANCIES |
| 690 ## - LOCAL SUBJECT ADDED ENTRY--TOPICAL TERM (OCLC, RLIN) | |
| Topical term or geographic name as entry element | LANDLORD AND TENANT-LEASES |
| 700 ## - ADDED ENTRY--PERSONAL NAME | |
| Personal name | Martin, J. |
| 942 ## - ADDED ENTRY ELEMENTS (KOHA) | |
| Suppress in OPAC | 0 |
| Withdrawn status | Lost status | Source of classification or shelving scheme | Damaged status | Not for loan | Home library | Current library | Shelving location | Date acquired | Total Checkouts | Full call number | Barcode | Date last seen | Copy number | Price effective from | Koha item type |
|---|---|---|---|---|---|---|---|---|---|---|---|---|---|---|---|
| Dewey Decimal Classification | London | London | Journal article | 27/10/2000 | ABS63047 | 109003-1001 | 06/08/2019 | 1 | 06/08/2019 | Journal article |